[Event "Bogota IRT op 06"]
[Site "Bogota"]
[Date "2012.06.10"]
[Round "4"]
[White "Bustamante, Fernando"]
[Black "Pacheco, Luis Emilio"]
[Result "0-1"]
[WhiteElo "1546"]
[BlackElo "1646"]
[PlyCount "82"]
[EventDate "2012.06.08"]
[EventType "swiss"]
[EventRounds "7"]
[EventCountry "COL"]
[SourceTitle "CBM 148 Extra"]
[Source "ChessBase"]
[SourceDate "2012.06.22"]
[SourceVersion "1"]
[SourceVersionDate "2012.06.22"]
[SourceQuality "1"]

1. e4 c5 2. Nf3 d6 3. Bd3 Nf6 4. 0-0 Nc6 5. c3 Bg4 6. Qb3 Qc7 7. Ng5 e6 8. f3 Bh5 9. Bb5 h6 10. Nh3 a6 11. Bc4 Na5 12. Qa4+ b5 13. Bxb5+ axb5 14. Qxb5+ Nd7 15. Nf4 Rb8 16. Qa4 Bg6 17. d3 Be7 18. Bd2 0-0 19. c4 Nc6 20. Bc3 Bh7 21. Nd2 Bg5 22. Nh5 Be3+ 23. Kh1 Nde5 24. Qc2 Nd4 25. Bxd4 Bxd4 26. Rab1 Nc6 27. f4 Nb4 28. Qd1 Nxd3 29. e5 Nf2+ 30. Rxf2 Bxf2 31. Qg4 Bg6 32. Ne4 Bxh5 33. Nf6+ Kh8 34. Nxh5 Rg8 35. Qh3 Qa5 36. Nf6 Rxb2 37. Rf1 Rgb8 38. Qd3 gxf6 39. exf6 Qd2 40. Qh3 Qxf4 41. Qf3 Rb1 0-1

[Event "COL-ch disabled 2nd"]
[Site "Cali"]
[Date "2008.10.26"]
[Round "3.6"]
[White "Bustamante, Fernando"]
[Black "Arias, Robinson"]
[Result "1/2-1/2"]
[WhiteElo "1600"]
[BlackElo "1631"]
[PlyCount "64"]
[EventDate "2008.10.25"]
[EventType "swiss"]
[EventRounds "7"]
[EventCountry "COL"]
[SourceTitle "EXT 2024"]
[Source "ChessBase"]
[SourceDate "2023.10.10"]
[SourceVersion "1"]
[SourceVersionDate "2023.10.10"]
[SourceQuality "1"]

1. e4 e5 2. Bc4 Nf6 3. Nc3 c6 4. Nf3 Qc7 5. Ng5 d5 6. exd5 cxd5 7. Bxd5 Nxd5 8. Nxd5 Qd8 9. Nxf7 Qxd5 10. Nxh8 Qe4+ 11. Kf1 Qf5 12. d3 Bc5 13. Qe2 Nc6 14. c3 Be6 15. b4 Bb6 16. Bb2 0-0-0 17. Rd1 Bc4 18. Qf3 Qxf3 19. gxf3 Bxa2 20. Ke2 Rxh8 21. Rhg1 g6 22. Rg5 Re8 23. b5 Nd8 24. c4 Nf7 25. Rg4 a6 26. bxa6 bxa6 27. Ra1 Bb3 28. Rxa6 Kb7 29. Ra3 Bc2 30. Rc3 Ba4 31. c5 Ba5 32. Ra3 Bd7 1/2-1/2